000 00237nam a2200097Ia 4500
008 190216s9999||||xx |||||||||||||| ||und||
100 _aPrabhakarn
245 0 _aJeevanukalum Parambaryavum
260 _bKerala Bhasha Institute
942 _cBK
999 _c37579
_d37579